000
00264nmm a2200097Ia 4500
008
220120s9999||||xx |||||||||||||||||und||
020
_a
81-203-1655-X
100
_a
CHIP magazine
245
0
_a
CHIP-DEC : UBUNTU 11.10 DESKTOP EDITION, ONEIRIC OCELOT
260
_b
Delhi
999
_c
139712
_d
139712